000 00831nam a22002777a 4500
001 9675
003 FISKH
005 20260129092322.0
008 260129b cb ||||| |||| 00| 0 eng d
020 _a9780763611026
040 _aFISKH
_beng
_cFISKH
_dFISKH
050 _aPZ7
082 _a373.1
100 _aHurwitz, Johanna
_eAuthor
245 _aEthan's birds /
_cJohanna Hurwitz ; illustrated by Brian Floca
260 _aGuangdong :
_bCandlewick Press ,
_c2001
300 _a8 unnumbered pages :
_bcolor illustrations ;
_c14 x 20 cm
505 _aC
520 _aEthan tries to feed the birds, but he is no match for hungry squirrels!.
521 8 _a50
_bLexile estimate
521 8 _aC
_bRaz-Plus
650 _aAnimals
_vBirds
700 _aFloca, Brian
_eIllustrator
942 _2ddc
_cBK
_n0
999 _c9675
_d9675